LEADER 00978nam a2200265 i 4500 001 000000143028 003 CaOOAMICUS 005 20060223000000.0 008 060223s1955 it u000 u ita u 013 $a118384 040 $aSeMil$bita 100 1 $aFriedländer, Max J.$0(OLS)http://semarc/name/51960 245 13$aIl conoscitore d'arte /$cMax J. Friedländer. 260 $aTorino :$bGiulio Einaudi,$c1955. 300 $a169 p., [18] p. di tav., [1] c. di tav. ;$c22 cm. 490 0 $aSaggi ;$v188 500 $aFondo Ciprandi. 650 4$aArte - Critica.$0(OLS)http://semarc/subject/10402 830 0$aSaggi ;$v188.$0(OLS)http://semarc/title/341 850 $aSeMil 852 $aSeMil$W1$xVenegono$y1$m5J VI 188$j96158$B96158$CSeMilBibl$Z2$F109227 $81 941 1 $a1 961 $aOmaggio: Ciprandi dott. Paolo 996 $6245$aIl conoscitore d'arte$9(OLS)http://semarc/title/209276 996 $6260$aTorino :$bGiulio Einaudi$9(OLS)http://semarc/publisher/29810 LEADER 00634nam a2200193 i 4500 001 000000202615 003 CaOOAMICUS 005 20110527000000.0 008 110527n it u000 u ita u 013 $a181325 040 $aSeMil$bita 245 10$aVol. 2. 300 $a570 p. 490 0 $aBiblioteca nazionale 773 0 $tOpere politiche di Paolo Paruta.$dFirenze : F. Le Monnier, 1852.$g2$w()25028 830 0$aBiblioteca nazionale.$0(OLS)http://semarc/title/33708 850 $aSeMil 852 $aSeMil$W1$xVenegono$y1$m1E IV 6 FA$j153128$B153128$CSeMilBibl$Z2$F164124 $8I 996 $6245$aVol. 2$9(OLS)http://semarc/title/13458